000 00746nam a2200205 4500
001 148506
003 ES-MaACL
005 20230906202656.0
007 t|
008 070214s1963 mx r ||||1| spa d
245 0 0 _aIntroducción a los productos químicos derivados del petróleo /
_cRobert Robinson [et al.] ; traducido por Oliverio Moreno Lamont ; revisado por J.A. Lanuza Escobar ; edición en inglés por H. Steiner.
260 _aMéxico :
_bContinental,
_c1963.
300 _a291 p. :
_bil. ;
_c23 cm.
700 1 _aMoreno Lamont, Oliverio.
_983394
700 1 _aLanuza Escobar, J. A.
_9210578
700 1 _aSteiner, H.
_9108053
700 1 _aRobinson, Robert.
_997902
852 _aES-MaACL
_jG-9369
_bR.94901
999 _c148506
_d148506